00691nam a22002057a 450000500170000001000130001702000230003003500130005303700160006604000120008208200170009424501570011126000380026827000570030630000280036350000190039165000180041065000390042870000180046720170124110230.0 aA-459770 c500.00a8171161022 aA-459770 bCen Lib/Ret aDPLbEN a954.085bSEL a Select documents on Partition of Punjab-1947 :cedited by Kirpal SinghbIndia and Pakistan : Punjab, Haryana, and Himachal-India and Punjab-Pakistan / a Delhi bNational Book Shopc1991 aPleasure Garden Market Chandni Chowkb Delhie110006 aLxxiv, 766p. c24cm(Hb) aIncludes index aIndia--Punjab aPartition of Punjab (India : 1947) a Kirpal Singh